000 00590nam a2200193Ia 4500
003 OSt
005 20260518150212.0
008 210210b2000 xxu||||| |||| 00| 0 eng d
040 _cAL
041 _aKannada
082 _aK894.9 SHRS
100 _aSHRIVALLI (T S).
_9135972
_dಶ್ರೀವಲ್ಲಿ(ಟಿ ಎಸ್)
245 _aSarasvathi bayi rajavade.
_bಸರಸ್ವತಿ ಬಾಯಿ ರಾಜವಾಡೆ
260 _aPuttur.
_bShivarama Karanta Adhyayana Kendra.,
_c2000
300 _a254
690 _aKannada Criticism
_9135973
906 _a058145
942 _2ddc
_cBK
999 _c105403
_d105403